000 00230nam a22000977a 4500
008 240625b |||||||| |||| 00| 0 eng d
100 _aMoulik K.
_915878
245 _aAgni Yugr Ferari
260 _bA.Mukherjee;
_c1964.
942 _cBK
999 _c39648
_d39648